000 00351nam a2200157Ia 4500
100 _aMehta/N.K
650 _aincome tax
942 _cBK
654 _aincome tax 2008-09
245 _aIncome tax Ready reckoner 2007-08
260 _bShri Kuber Pub. House
_c2008
082 _a336.24/MEH
_bMEH
300 _a376
546 _aENGLISH
999 _c31271
_d31271